Prénoms masculins les plus donnés en 2005 - Statistiques

Statistiques générales
  • Ce quiz a été pris 464 fois
  • Le résultat moyen est 59 sur 100
Statistiques - réponses
Première lettre Réponse % Correct
N Nathan
95%
P Paul
93%
L Léo
92%
T Thomas
92%
T Théo
91%
Q Quentin
89%
H Hugo
87%
J Jules
87%
L Lucas
87%
J Julien
86%
V Valentin
86%
A Antoine
85%
L Louis
85%
T Tom
85%
A Alexandre
84%
P Pierre
84%
V Victor
82%
A Alexis
81%
K Kévin
81%
M Mathis
81%
R Romain
80%
N Noa
79%
B Baptiste
78%
M Mathéo
78%
A Arthur
77%
G Gabriel
76%
M Maxime
75%
C Clément
74%
R Raphael
74%
M Mathieu
73%
Y Yann
73%
A Axel
72%
E Enzo
72%
K Kylian
72%
N Nicolas
72%
N Noah
72%
W William
68%
B Bastien
67%
Y Yanis
67%
E Ethan
66%
F Florian
65%
D Damien
64%
M Maël
64%
S Samuel
64%
M Mattéo
63%
B Benjamin
62%
M Maxence
62%
N Noé
62%
S Simon
62%
E Evan
61%
J Jean
61%
A Anthony
59%
C Corentin
59%
G Guillaume
59%
M Martin
59%
A Adrien
58%
D David
58%
D Dylan
56%
R Rémi
56%
S Sacha
56%
M Mathias
55%
C Charles
54%
D Dorian
54%
G Gabin
53%
N Nolan
53%
T Thibault
53%
V Vincent
53%
A Adam
49%
M Matéo
49%
M Mathys
49%
R Robin
48%
E Eliott
47%
J Jérémy
47%
A Antonin
46%
J Jordan
46%
M Mohamed
46%
T Tristan
46%
K Kilian
45%
K Killian
44%
R Rayan
44%
E Esteban
42%
L Lilian
40%
L Loïc
39%
M Malo
38%
M Marius
37%
A Aurélien
36%
R Ryan
36%
E Erwan
34%
G Gaetan
34%
L Lorenzo
28%
T Thibaut
28%
B Bryan
26%
D Diego
24%
L Lenny
24%
T Tony
23%
L Logan
17%
S Sofiane
14%
L Leny
13%
P Paolo
13%
A Amir
8%
Aucun quiz correspondant
Distribution des résultats
% des personnes avec chaque résultat
Percentile par nombre de réponses
Votre historique - résultats
Vous n’avez pas pris ce quiz